| 000 | 01631cam a22003375a 4500 | ||
|---|---|---|---|
| 999 |
_c28228 _d28199 |
||
| 003 | EG-ScBUE | ||
| 005 | 20200304130458.0 | ||
| 008 | 090226s2006 nyua f b 001 0 eng d | ||
| 020 | _a0071249990 | ||
| 020 | _a9780071249997 | ||
| 040 |
_aEG-ScBUE _beng _erda _cEG-ScBUE _dEG-ScBUE |
||
| 082 | 0 | 4 |
_a620.112 _bBEE _222 |
| 100 | 1 |
_aBeer, Ferdinand P. _q(Ferdinand Pierre), _d1915-2003, _eauthor. |
|
| 245 | 1 | 0 |
_aMechanics of materials / _cFerdinand P. Beer, Late of Lehigh University, E. Russell Johnston, Jr., University of Connecticut, John T. DeWolf, University of Connecticut. |
| 250 | _aFourth edition in SI units. | ||
| 264 | 1 |
_aNew York, NY : _bMcGraw-Hill Higher Education, _c2006. |
|
| 300 |
_axix, 779 pages : _billustrations (some color) ; _c26 cm |
||
| 336 |
_2rdacontent _atext _btxt |
||
| 337 |
_2rdamedia _aunmediated _bn |
||
| 338 |
_2rdacarrier _avolume _bnc |
||
| 500 | _aIncludes appendices. | ||
| 504 | _aIncludes bibliographical references and index. | ||
| 520 | _aSuitable for the teaching of undergraduate engineering mechanics, this work features an art and photo program as well as homework problems. It also includes an online learning center an extensive Self-paced, Mechanics, Algorithmic, Review and Tutorial (SMART), that provides students with additional help on key concepts. | ||
| 650 | 7 |
_aStrength of materials. _2BUEsh _910669 |
|
| 653 |
_bENGGEN _bGGEN _cAugust2015 _cJanuary2018 |
||
| 655 |
_vReading book _934232 |
||
| 700 | 1 |
_aJohnston, E. Russell _q(Elwood Russell), _d1925- _eauthor. |
|
| 700 | 1 |
_aDeWolf, John T, _eauthor. |
|
| 942 |
_cBB _k620.112 BEE _2ddc |
||